So this is freedom (Record no. 74855)

MARC details
000 -LEADER
fixed length control field 01261cab a2200229 4500
001 - CONTROL NUMBER
control field ABS68755
008 - FIXED-LENGTH DATA ELEMENTS--GENERAL INFORMATION
fixed length control field 050228n2005 000 0 eng u
035 ## - SYSTEM CONTROL NUMBER
System control number (Sirsi) u128906
100 ## - MAIN ENTRY--PERSONAL NAME
Personal name Klein, R.
245 ## - TITLE STATEMENT
Title So this is freedom
260 ## - PUBLICATION, DISTRIBUTION, ETC.
Date of publication, distribution, etc. 2005
490 ## - SERIES STATEMENT
Series statement Building
Volume/sequential designation 270(8366) 28 January 2005, 55(1)
520 ## - SUMMARY, ETC.
Summary, etc. Assessment of the effect of the Freedom of Information Act 2000 which has recently come into force. Points out that it has many implications for construction professionals with the firms able to access details held by a public authority on its competitors. This could include prices and rates submitted by a competitor in previous bids and information about the strengths and weaknesses of the company in the discharge of its contracts. Some information is exempt from disclosure but such exemptions will depend on a public interest test. Notes that the Lord Chancellor has advised authorities to reject putting confidentiality clauses in their contracts unless they are absolutely necessary.
590 ## - LOCAL NOTE (RLIN)
Local note ABS
650 ## - SUBJECT ADDED ENTRY--TOPICAL TERM
Topical term or geographic name entry element FREEDOM OF INFORMATION ACT 2000
650 ## - SUBJECT ADDED ENTRY--TOPICAL TERM
Topical term or geographic name entry element ACCESS TO INFORMATION
650 ## - SUBJECT ADDED ENTRY--TOPICAL TERM
Topical term or geographic name entry element CONSTRUCTION FIRMS
650 ## - SUBJECT ADDED ENTRY--TOPICAL TERM
Topical term or geographic name entry element CONSTRUCTION INDUSTRY
650 ## - SUBJECT ADDED ENTRY--TOPICAL TERM
Topical term or geographic name entry element PUBLIC SECTOR
690 ## - LOCAL SUBJECT ADDED ENTRY--TOPICAL TERM (OCLC, RLIN)
Topical term or geographic name as entry element LAW-UK
942 ## - ADDED ENTRY ELEMENTS (KOHA)
Suppress in OPAC 0
Holdings
Withdrawn status Lost status Source of classification or shelving scheme Damaged status Not for loan Home library Current library Shelving location Date acquired Total Checkouts Full call number Barcode Date last seen Copy number Price effective from Koha item type
    Dewey Decimal Classification     London London Journal article 28/02/2005   ABS68755 128906-1001 06/08/2019 1 06/08/2019 Journal article